| 000 | 00875nas a2200313 a 4500 | ||
|---|---|---|---|
| 001 | 12843 | ||
| 003 | BD-RjUL | ||
| 005 | 20211208235350.0 | ||
| 008 | 161210s1966 enka b 001 0 eng | ||
| 035 | _a(BD-RjUL)12893 | ||
| 040 |
_aDLC _cDLC _dOCoLC _dBD-RjUL _beng |
||
| 041 | _aeng | ||
| 060 | 0 | _aW3 C156M | |
| 070 | 0 | _aQH605.O9 | |
| 072 | 0 | _aX300 | |
| 072 | 0 | _aL200 | |
| 082 | 4 |
_a572.87 _bCHR 1966 _223 |
|
| 245 | 1 | 0 |
_aChromosomes today / _bedited by C. D. Darlington and K. R. Lewis. _nVolume I |
| 260 |
_aLondon : _bOliver & Boyd, _c1966. |
||
| 300 |
_a v. : _bill. ; _c26 cm. |
||
| 504 | _aIncludes bibliographical references and index. | ||
| 505 | _aV.1 -- | ||
| 650 | 0 |
_aChromosomes _940025 |
|
| 650 | 2 |
_aChromosomes _940026 |
|
| 700 |
_a Darlington, C. D., ed. _940027 |
||
| 700 |
_aLewis, K. R., ed. _940028 |
||
| 942 |
_2ddc _cBK |
||
| 999 |
_c12843 _d12843 |
||